000
00315 a2200145 4500
020
_a
2-04-011064-x
040
_a
ULA-LD-MS
082
_a
72
_b
72
100
_9
1189
_a
MOORE,CH
245
_a
L ARCHITECTURE SENSIBLE
260
_a
Paris,
_b
dunod
_c
1981.
300
_a
187p
650
_a
Arquitectura
942
_c
Livros
999
_c
2362
_d
2362